000 00226nam a2200085Ia 4500
008 220204s9999 xx 000 0 und d
082 _a301.18:93(548.3)
_bNAI
245 0 _aNair service society golden book (Malayalam)
942 _cBK
999 _c20536
_d20536